[Event "Quebec-ch qual"]
[Site "Gatineau CAN"]
[Date "2010.04.06"]
[Round "5"]
[White "Scantland, Patrick"]
[Black "Libersan, Mattieu"]
[Result "1-0"]
[WhiteElo "1756"]
[BlackElo "1867"]
[PlyCount "85"]
[EventDate "2010.03.09"]
[EventType "swiss"]
[EventRounds "5"]
[EventCountry "CAN"]
[Source "ChessBase"]
[SourceDate "2011.11.26"]

1. Nf3 Nf6 2. d4 e6 3. c4 c5 4. Nc3 d5 5. cxd5 exd5 6. dxc5 Bxc5 7. e3 O-O 8.
g3 Nc6 9. Bg2 d4 10. exd4 Re8+ 11. Be3 Nxd4 12. O-O Bg4 13. Bxd4 Bxd4 14. Qxd4
Bxf3 15. Qxd8 Raxd8 16. Bxf3 Rd2 17. b3 Rd3 18. Bxb7 Rxc3 19. Rac1 Rd3 20. Rc7
Rd2 21. Ra1 Ng4 22. Rac1 Rxa2 23. Bd5 Rxf2 24. h3 Rf5 25. Bc6 Nf6 26. Bxe8 Nxe8
27. Rc8 Re5 28. Kf2 Kf8 29. Ra1 a5 30. Ra8 Ke7 31. R1xa5 Rxa5 32. Rxa5 Nd6 33.
Kf3 f5 34. Rc5 Kf6 35. b4 Ne4 36. Rc7 g6 37. h4 h6 38. b5 Ke5 39. b6 Kd6 40.
Rc2 Nf6 41. b7 Nd7 42. Rd2+ Kc7 43. Rxd7+ 1-0

[Event "Quebec-ch qual"]
[Site "Gatineau CAN"]
[Date "2010.04.06"]
[Round "5"]
[White "Wilson, Alan"]
[Black "Berthiaume, Serge"]
[Result "0-1"]
[WhiteElo "1405"]
[BlackElo "1309"]
[PlyCount "68"]
[EventDate "2010.03.09"]
[EventType "swiss"]
[EventRounds "5"]
[EventCountry "CAN"]
[Source "ChessBase"]
[SourceDate "2011.11.26"]

1. Nf3 d5 2. g3 Nc6 3. Bg2 e5 4. O-O e4 5. Ne1 Bc5 6. d3 f5 7. c3 Nf6 8. Bg5 h6
9. Bxf6 Qxf6 10. b4 Bxb4 11. Qb3 Bd6 12. Nc2 O-O 13. dxe4 fxe4 14. Bxe4 Kh8 15.
Bxd5 Bh3 16. Bg2 Bxg2 17. Kxg2 b6 18. Nd2 Rae8 19. e3 Ne5 20. f4 Nd3 21. Qd5
Qxc3 22. Nc4 Qxc2+ 23. Kg1 Bc5 24. Rf3 Qe2 25. Rd1 Qxd1+ 26. Rf1 Qe2 27. Rf3
Bxe3+ 28. Nxe3 Rxe3 29. Rxe3 Qxe3+ 30. Kg2 Qd2+ 31. Kf3 Ne1+ 32. Kg4 Qxd5 33.
a4 Qf5+ 34. Kh4 Nf3# 0-1

[Event "RA CC-ch"]
[Site "Ottawa CAN"]
[Date "2010.01.14"]
[Round "1"]
[White "Pacey, Kevin"]
[Black "Abt, Michael"]
[Result "1-0"]
[WhiteElo "2356"]
[BlackElo "1752"]
[PlyCount "109"]
[EventDate "2010.01.14"]
[EventType "swiss"]
[EventRounds "6"]
[EventCountry "CAN"]

1. e4 e6 2. d4 d6 3. Nc3 Bd7 4. Nf3 Be7 5. Be3 a6 6. a4 h6 7. h3 Nf6 8. e5 Nd5
9. Nxd5 exd5 10. Bd3 Be6 11. c3 c5 12. exd6 Qxd6 13. dxc5 Qc7 14. b4 O-O 15.
O-O a5 16. Qd2 Bf6 17. b5 Nd7 18. Bf4 Qc8 19. Bd6 Re8 20. c6 bxc6 21. Nd4 cxb5
22. Bxb5 Qb7 23. Rab1 Qc8 24. f4 Bxd4+ 25. cxd4 Bf5 26. Rbc1 Qd8 27. Bc7 Qf6
28. Bxa5 Qg6 29. Kh2 Rec8 30. g4 Rc2 31. Rxc2 Bxc2 32. Bxd7 Bd3 33. Rd1 Bc4 34.
Re1 f5 35. gxf5 Qh5 36. Bb6 Rb8 37. a5 Kh7 38. Qg2 Qf7 39. Qg6+ Qxg6 40. fxg6+
Kxg6 41. Re8 Rb7 42. Bc8 Rf7 43. f5+ Kg5 44. Kg3 Bb5 45. Bd8+ Kh5 46. Re5 g5
47. Rxd5 Bc4 48. Rc5 Be2 49. a6 Ra7 50. Bb6 Bxa6 51. Bxa7 Bxc8 52. Rxc8 g4 53.
hxg4+ Kg5 54. Rc6 h5 55. Rg6# 1-0

[Event "RA CC-ch"]
[Site "Ottawa CAN"]
[Date "2010.01.21"]
[Round "2"]
[White "Sadeghi, Saeid"]
[Black "Pacey, Kevin"]
[Result "0-1"]
[WhiteElo "2041"]
[BlackElo "2356"]
[PlyCount "43"]
[EventDate "2010.01.14"]
[EventType "swiss"]
[EventRounds "6"]
[EventCountry "CAN"]

1. d4 Nf6 2. c4 e6 3. Nf3 b6 4. Nc3 Bb7 5. Bg5 h6 6. Bh4 Be7 7. e3 O-O 8. Bd3
d5 9. cxd5 Nxd5 10. Bg3 c5 11. Nxd5 Qxd5 12. e4 Qd8 13. dxc5 Bxc5 14. O-O Nc6
15. a3 a5 16. Ne5 Qd4 17. Nxc6 Bxc6 18. Qc2 f5 19. Rad1 f4 20. e5 Qxe5 21. Rfe1
Qg5 22. h4 0-1

[Event "RA CC-ch"]
[Site "Ottawa CAN"]
[Date "2010.01.28"]
[Round "3"]
[White "Pacey, Kevin"]
[Black "Barclay, Wayne"]
[Result "1-0"]
[WhiteElo "2356"]
[BlackElo "2237"]
[PlyCount "29"]
[EventDate "2010.01.14"]
[EventType "swiss"]
[EventRounds "6"]
[EventCountry "CAN"]

1. Nf3 c5 2. e4 a6 3. c3 Nf6 4. e5 Nd5 5. d4 e6 6. c4 Nc7 7. Bg5 f6 8. exf6
gxf6 9. Ne5 Ke7 10. Qh5 Qe8 11. Bxf6+ Kxf6 12. Qh4+ Kg7 13. Qg5+ Qg6 14. Nxg6
hxg6 15. Qe5+ 1-0

[Event "RA CC-ch"]
[Site "Ottawa CAN"]
[Date "2010.02.04"]
[Round "4"]
[White "Upper, John"]
[Black "Pacey, Kevin"]
[Result "0-1"]
[WhiteElo "2201"]
[BlackElo "2356"]
[PlyCount "58"]
[EventDate "2010.01.14"]
[EventType "swiss"]
[EventRounds "6"]
[EventCountry "CAN"]

1. d4 d5 2. c4 e6 3. Nc3 Be7 4. Nf3 Nf6 5. Bg5 O-O 6. e3 Nbd7 7. Rc1 dxc4 8.
Bxc4 a6 9. a4 c5 10. O-O cxd4 11. exd4 Nb6 12. Ba2 Bd7 13. Re1 Bc6 14. Qe2 Nfd5
15. Bxe7 Nxe7 16. Ng5 Nbd5 17. Bb1 Ng6 18. Qh5 Nf6 19. Qh3 Qxd4 20. Nce4 Bxe4
21. Bxe4 Rfd8 22. Bxg6 hxg6 23. Rc7 Rd7 24. Rxd7 Qxd7 25. Qg3 Rc8 26. b3 Qd2
27. Nf3 Qb4 28. Rb1 Qxb3 29. Nd2 Qxb1+ 0-1

[Event "RA CC-ch"]
[Site "Ottawa CAN"]
[Date "2010.02.18"]
[Round "5"]
[White "Pacey, Kevin"]
[Black "Qin, Zi Yi (Joey)"]
[Result "0-1"]
[WhiteElo "2356"]
[BlackElo "2238"]
[PlyCount "110"]
[EventDate "2010.01.14"]
[EventType "swiss"]
[EventRounds "6"]
[EventCountry "CAN"]

1. f4 d5 2. Nf3 Nf6 3. e3 g6 4. Be2 Bg7 5. O-O O-O 6. c3 c5 7. d4 b6 8. Nbd2
Bb7 9. Qe1 Nc6 10. Bd3 Nd7 11. Qg3 Qc7 12. Qh3 e6 13. Ne5 f5 14. Ndf3 Ncxe5 15.
fxe5 Rfe8 16. g4 Nf8 17. Qg3 a5 18. Rf2 Ba6 19. Bc2 b5 20. Bd2 b4 21. h4 Reb8
22. h5 a4 23. gxf5 exf5 24. hxg6 hxg6 25. Nh4 Rb6 26. Rg2 Ra7 27. Kh1 b3 28.
axb3 axb3 29. Bxf5 gxf5 30. Rag1 Bd3 31. dxc5 Re6 32. Nf3 Be4 33. Qf4 Bxf3 34.
Qxf3 Rh6+ 35. Rh2 Rxh2+ 36. Kxh2 Qxe5+ 37. Qg3 Qxg3+ 38. Kxg3 Ne6 39. c6 Kf7
40. Bc1 Be5+ 41. Kf3 Nd8 42. Rd1 Ke6 43. c4 Ra5 44. Rd3 Nxc6 45. Rxb3 dxc4 46.
Rb6 Kd5 47. Bd2 Ra8 48. Rb5+ Kd6 49. Bb4+ Nxb4 50. Rxb4 Rc8 51. Ke2 Kc5 52. Rb7
Rb8 53. Rxb8 Bxb8 54. Kd2 Be5 55. Kc2 Kb4 0-1

[Event "RA CC-ch"]
[Site "Ottawa CAN"]
[Date "2010.02.25"]
[Round "6"]
[White "Hum, Peter"]
[Black "Pacey, Kevin"]
[Result "0-1"]
[WhiteElo "2181"]
[BlackElo "2356"]
[PlyCount "74"]
[EventDate "2010.01.14"]
[EventType "swiss"]
[EventRounds "6"]
[EventCountry "CAN"]

1. d4 e6 2. c4 f5 3. Nc3 Nf6 4. e3 Bb4 5. Nge2 b6 6. a3 Be7 7. Qc2 d6 8. Ng3 g6
9. e4 Nc6 10. Nce2 fxe4 11. Nxe4 Nxe4 12. Qxe4 d5 13. cxd5 Qxd5 14. Qxd5 exd5
15. Be3 Bf6 16. Rc1 Bb7 17. b4 O-O-O 18. Kd2 Rhe8 19. g3 Re4 20. Kc3 Rde8 21.
Bh3+ Kb8 22. Rhd1 Rxe3+ 23. fxe3 Rxe3+ 24. Kd2 Bg5 25. Rc3 Re4+ 26. Nf4 Rxd4+
27. Kc2 Bxf4 28. Rxd4 Nxd4+ 29. Kb1 Bh6 30. Rd3 c5 31. Rd1 Nf3 32. bxc5 bxc5
33. Be6 d4 34. Ka2 Kc7 35. Bg8 Be4 36. Kb3 Nd2+ 37. Kb2 c4 0-1

[Event "RA Fall op"]
[Site "Ottawa CAN"]
[Date "2010.09.24"]
[Round "1"]
[White "Hartman, Brian"]
[Black "Henry, Liam"]
[Result "1-0"]
[WhiteElo "2450"]
[BlackElo "2292"]
[PlyCount "81"]
[EventDate "2010.09.24"]
[EventType "swiss"]
[EventRounds "5"]
[EventCountry "CAN"]

1. e4 c5 2. Nf3 d6 3. d4 cxd4 4. Nxd4 Nf6 5. Nc3 a6 6. Bc4 e6 7. Bb3 b5 8. O-O
Be7 9. f4 Bb7 10. Be3 O-O 11. e5 dxe5 12. fxe5 Nd5 13. Nxd5 Bxd5 14. Bxd5 Qxd5
15. Nf5 Qd8 16. Qf3 Nd7 17. Rad1 Bg5 18. Bxg5 Qxg5 19. Rxd7 exf5 20. Qxf5 Qxf5
21. Rxf5 Rac8 22. c3 Rc5 23. Re7 b4 24. cxb4 Rc2 25. Ra7 Rxb2 26. a3 h6 27. h3
Ra2 28. Rf3 Re2 29. Rxa6 Rc8 30. b5 Rcc2 31. Rg3 h5 32. b6 Rc1+ 33. Kh2 Ree1
34. Rg5 g6 35. h4 Rh1+ 36. Kg3 Rc3+ 37. Kf2 Rb1 38. a4 Rc4 39. e6 f6 40. Rb5
Rxa4 41. Rxb1 1-0

[Event "RA Fall op"]
[Site "Ottawa CAN"]
[Date "2010.09.24"]
[Round "1"]
[White "Kirby, Patrick"]
[Black "Qin, Zi Yi (Joey)"]
[Result "0-1"]
[WhiteElo "2202"]
[BlackElo "2363"]
[PlyCount "90"]
[EventDate "2010.09.24"]
[EventType "swiss"]
[EventRounds "5"]
[EventCountry "CAN"]

1. e4 c5 2. Nf3 d6 3. d4 cxd4 4. Nxd4 Nf6 5. Nc3 a6 6. Bc4 e6 7. Bb3 Nbd7 8.
O-O Nc5 9. Qf3 Be7 10. Re1 O-O 11. Bg5 Bd7 12. Rad1 Nxb3 13. axb3 Qa5 14. Bc1
Rac8 15. Qg3 Kh8 16. e5 dxe5 17. Nf3 e4 18. Nxe4 Nxe4 19. Rxe4 Rxc2 20. Bd2 Qf5
21. Rf4 Rxd2 22. Nxd2 Qc2 23. Qf3 Bc6 24. Qe2 Bb5 25. Qe1 Qxb2 26. Rb1 Qc2 27.
Nc4 Bg5 28. Rd4 Bc6 29. Qd1 Qf5 30. Nd6 Qg6 31. Qd3 f5 32. Qg3 e5 33. Rdd1 f4
34. Qg4 h5 35. Qh3 Bd5 36. Qd7 Be7 37. f3 Bxf3 38. Rb2 Bxd1 39. Qxe7 Qf6 40.
Qxf6 Rxf6 41. Nxb7 e4 42. Nc5 e3 43. Kf1 Rd6 44. Ke1 Bg4 45. Rb1 e2 0-1

[Event "RA Fall op"]
[Site "Ottawa CAN"]
[Date "2010.09.24"]
[Round "1"]
[White "Pacey, Kevin"]
[Black "Arsenault, Nicolas"]
[Result "1/2-1/2"]
[WhiteElo "2383"]
[BlackElo "2254"]
[PlyCount "68"]
[EventDate "2010.09.24"]
[EventType "swiss"]
[EventRounds "5"]
[EventCountry "CAN"]
[WhiteTeamCountry "NOR"]
[BlackTeamCountry "CAN"]

1. e4 e6 2. d4 d5 3. Nc3 Nf6 4. exd5 exd5 5. Bg5 Be7 6. Nf3 O-O 7. Bd3 Bg4 8.
h3 Bh5 9. g4 Bg6 10. Ne5 c6 11. Bxg6 hxg6 12. Qd3 Nfd7 13. Nxd7 Nxd7 14. Be3
Bb4 15. h4 Nf6 16. f3 Qa5 17. Kf2 Rae8 18. h5 Re6 19. hxg6 fxg6 20. Kg2 Kf7 21.
Bf4 Bxc3 22. bxc3 Rfe8 23. Be5 Nd7 24. f4 Nf6 25. f5 gxf5 26. gxf5 Rxe5 27.
dxe5 Rxe5 28. Rh8 Qc7 29. Rf1 Re4 30. Qh3 Qe5 31. Rf2 Re3 32. Qh4 Re4 33. Qh3
Re3 34. Qh4 Re4 1/2-1/2

[Event "RA Fall op"]
[Site "Ottawa CAN"]
[Date "2010.09.25"]
[Round "2"]
[White "Henry, Liam"]
[Black "Kirby, Patrick"]
[Result "1-0"]
[WhiteElo "2292"]
[BlackElo "2202"]
[PlyCount "51"]
[EventDate "2010.09.24"]
[EventType "swiss"]
[EventRounds "5"]
[EventCountry "CAN"]
[WhiteTeamCountry "NOR"]
[BlackTeamCountry "CAN"]

1. e4 e5 2. Nf3 Nc6 3. Bb5 a6 4. Bxc6 dxc6 5. d4 exd4 6. Qxd4 Qxd4 7. Nxd4 Bd7
8. Nc3 O-O-O 9. Be3 Re8 10. O-O-O g6 11. Nde2 Nh6 12. Bd4 Rg8 13. f3 f5 14.
Rhe1 Nf7 15. exf5 gxf5 16. g3 Ng5 17. Ng1 Bd6 18. Na4 Rxe1 19. Rxe1 b6 20. Nc3
c5 21. Bf6 Bc6 22. Rf1 Nf7 23. Rd1 Rg6 24. Bh4 Re6 25. Nd5 h6 26. f4 1-0

[Event "RA Fall op"]
[Site "Ottawa CAN"]
[Date "2010.09.25"]
[Round "2"]
[White "Humphreys, Michael"]
[Black "Hartman, Brian"]
[Result "1-0"]
[WhiteElo "2202"]
[BlackElo "2450"]
[PlyCount "143"]
[EventDate "2010.09.24"]
[EventType "swiss"]
[EventRounds "5"]
[EventCountry "CAN"]
[WhiteTeamCountry "NOR"]
[BlackTeamCountry "CAN"]

1. Nf3 d5 2. d4 c5 3. c4 e6 4. cxd5 exd5 5. g3 Nc6 6. Bg2 Nf6 7. O-O Be7 8. Nc3
O-O 9. Bg5 cxd4 10. Nxd4 h6 11. Be3 Re8 12. Qa4 Bd7 13. Rfd1 Na5 14. Qc2 Rc8
15. Nf5 Bb4 16. Bxd5 Nxd5 17. Rxd5 Qc7 18. Bf4 Qc6 19. Nd4 Qxd5 20. Nxd5 Rxc2
21. Nxc2 Bf8 22. Nce3 Bc6 23. Kf1 Re4 24. Rd1 Nc4 25. Nxc4 Rxc4 26. Ne3 Re4 27.
Rd8 Re8 28. Rxe8 Bxe8 29. Be5 Bc5 30. Nf5 f6 31. Bd4 Bxd4 32. Nxd4 Bd7 33. e4
g6 34. f4 Kf7 35. e5 fxe5 36. fxe5 Be6 37. a3 Bd5 38. Ke2 a5 39. Kd3 b6 40. Kc3
g5 41. b4 Kg6 42. bxa5 bxa5 43. Nc2 Kf5 44. Kd4 Ke6 45. Ne3 Bb3 46. Ng4 h5 47.
Nf6 h4 48. g4 Kf7 49. Ne4 Kg6 50. Kc5 Bd1 51. Nf2 Bf3 52. Kd6 Kf7 53. Kd7 Be2
54. e6+ Kf6 55. e7 Bb5+ 56. Kd8 Ke5 57. Nh3 Ke4 58. Nxg5+ Kf4 59. h3 Kxg5 60.
e8=Q Bxe8 61. Kxe8 Kf4 62. Kf7 Kg3 63. g5 Kxh3 64. g6 Kh2 65. g7 h3 66. g8=Q
Kh1 67. Qa8+ Kg1 68. Qxa5 h2 69. Qe1+ Kg2 70. a4 h1=Q 71. Qxh1+ Kxh1 72. a5 1-0

[Event "RA Fall op"]
[Site "Ottawa CAN"]
[Date "2010.09.25"]
[Round "2"]
[White "Qin, Zi Yi (Joey)"]
[Black "Sambuev, Bator"]
[Result "0-1"]
[WhiteElo "2363"]
[BlackElo "2677"]
[PlyCount "54"]
[EventDate "2010.09.24"]
[EventType "swiss"]
[EventRounds "5"]
[EventCountry "CAN"]
[WhiteTeamCountry "NOR"]
[BlackTeamCountry "CAN"]

1. e4 e6 2. d4 d5 3. Nd2 Nc6 4. Ngf3 Nf6 5. e5 Nd7 6. Be2 f6 7. exf6 Qxf6 8.
Nf1 Bd6 9. Ne3 O-O 10. O-O Qg6 11. c4 Nf6 12. c5 Bf4 13. Nc2 Ne4 14. Bxf4 Rxf4
15. g3 Bd7 16. Kh1 Rf6 17. Bd3 Qg4 18. Be2 Raf8 19. Nce1 Qh3 20. Kg1 Rh6 21.
Nh4 e5 22. dxe5 Be6 23. Bf3 Rxh4 24. gxh4 Nxe5 25. Bg2 Qxh4 26. f3 Ng4 27. h3
Ne3 0-1

[Event "RA Fall op"]
[Site "Ottawa CAN"]
[Date "2010.09.25"]
[Round "2"]
[White "Sambuev, Bator"]
[Black "Pacey, Kevin"]
[Result "1-0"]
[WhiteElo "2677"]
[BlackElo "2383"]
[PlyCount "97"]
[EventDate "2010.09.24"]
[EventType "swiss"]
[EventRounds "5"]
[EventCountry "CAN"]
[WhiteTeamCountry "NOR"]
[BlackTeamCountry "CAN"]

1. d4 e6 2. c4 d5 3. Nc3 c5 4. cxd5 exd5 5. Nf3 Nc6 6. Bg5 Be7 7. Bxe7 Ngxe7 8.
e3 cxd4 9. Nxd4 O-O 10. Be2 Qb6 11. Qd2 Nxd4 12. exd4 Qg6 13. O-O Bh3 14. Bf3
Rfd8 15. Rfe1 Be6 16. Ne2 Nc6 17. Nf4 Qf6 18. Rad1 Rd6 19. b4 a6 20. a3 Rad8
21. Qe3 h6 22. g3 Bf5 23. h4 g6 24. Kg2 R6d7 25. Qd2 Be4 26. Bxe4 dxe4 27. d5
g5 28. hxg5 hxg5 29. Nh3 Qf3+ 30. Kg1 e3 31. Rxe3 Qxd5 32. Re8+ Rxe8 33. Qxd5
Rxd5 34. Rxd5 f6 35. Kg2 Kf7 36. f4 gxf4 37. Nxf4 Ne5 38. a4 Rc8 39. b5 Rc4 40.
a5 Ke7 41. b6 Ra4 42. Kh3 Nc6 43. Rh5 Nxa5 44. Rh7+ Kd6 45. Rf7 Ke5 46. Re7+
Kf5 47. Ng2 Rb4 48. Nh4+ Kg5 49. Rg7+ 1-0

[Event "RA Fall op"]
[Site "Ottawa CAN"]
[Date "2010.09.25"]
[Round "3"]
[White "Hartman, Brian"]
[Black "Mai, Lloyd"]
[Result "1-0"]
[WhiteElo "2450"]
[BlackElo "2271"]
[PlyCount "67"]
[EventDate "2010.09.24"]
[EventType "swiss"]
[EventRounds "5"]
[EventCountry "CAN"]
[WhiteTeamCountry "NOR"]
[BlackTeamCountry "CAN"]

1. e4 c5 2. Nf3 d6 3. d4 cxd4 4. Nxd4 Nf6 5. Nc3 g6 6. Be2 Bg7 7. O-O O-O 8.
Bg5 Nc6 9. Nb3 a6 10. Re1 b5 11. Bf1 h6 12. Bh4 Bb7 13. f4 Nd7 14. Rb1 Re8 15.
Nd5 Nb6 16. c3 Rc8 17. Kh1 b4 18. c4 a5 19. c5 Na4 20. cxd6 Nxb2 21. Rxb2 Bxb2
22. dxe7 Qd6 23. e5 Qb8 24. Nf6+ Kg7 25. Nxe8+ Rxe8 26. Bf6+ Kg8 27. Qd7 Bc3
28. Rd1 a4 29. Nc5 Ba8 30. Bc4 Nd4 31. Rxd4 Bxd4 32. Bxf7+ Kh7 33. Bxg6+ Kxg6
34. Qg4+ 1-0

[Event "RA Fall op"]
[Site "Ottawa CAN"]
[Date "2010.09.25"]
[Round "3"]
[White "Humphreys, Michael"]
[Black "O'Donnell, Tom"]
[Result "1-0"]
[WhiteElo "2202"]
[BlackElo "2444"]
[PlyCount "71"]
[EventDate "2010.09.24"]
[EventType "swiss"]
[EventRounds "5"]
[EventCountry "CAN"]
[WhiteTeam "Norwegen"]
[BlackTeam "Kanada"]
[WhiteTeamCountry "NOR"]
[BlackTeamCountry "CAN"]

1. Nf3 Nf6 2. c4 e6 3. g3 d5 4. Bg2 Be7 5. d4 O-O 6. O-O c6 7. b3 b6 8. Qc2 Bb7
9. Rd1 Nbd7 10. Nc3 Rc8 11. e4 Ba6 12. e5 Ne8 13. h4 dxc4 14. Bg5 h6 15. Bxe7
Qxe7 16. Ne4 f5 17. exf6 Nexf6 18. Nxf6+ Rxf6 19. bxc4 Rcf8 20. Qa4 Nb8 21. Qb3
c5 22. d5 exd5 23. cxd5 c4 24. Qc3 Nd7 25. a4 Nc5 26. Ne5 Rxf2 27. d6 Qf6 28.
d7 Nd3 29. Bd5+ Kh7 30. Be4+ g6 31. Nxg6 Qxc3 32. Nxf8+ Kg7 33. Ne6+ Kf7 34.
d8=Q Kxe6 35. Qd5+ Ke7 36. Bxd3 1-0

[Event "RA Fall op"]
[Site "Ottawa CAN"]
[Date "2010.09.25"]
[Round "3"]
[White "Pacey, Kevin"]
[Black "Kirby, Patrick"]
[Result "0-1"]
[WhiteElo "2383"]
[BlackElo "2202"]
[PlyCount "54"]
[EventDate "2010.09.24"]
[EventType "swiss"]
[EventRounds "5"]
[EventCountry "CAN"]
[WhiteTeamCountry "NOR"]
[BlackTeamCountry "CAN"]

1. e4 c5 2. Nf3 e6 3. d4 cxd4 4. Nxd4 Nf6 5. Nc3 d6 6. Be2 Be7 7. O-O O-O 8.
Be3 a6 9. f4 Qc7 10. Qe1 Nc6 11. Qg3 Nxd4 12. Bxd4 b5 13. e5 dxe5 14. Bxe5 Qc5+
15. Kh1 Bb7 16. Bd3 g6 17. Rae1 b4 18. Nd1 Nh5 19. Qh3 Rad8 20. b3 Bd6 21. Nb2
Bxe5 22. fxe5 Qd4 23. Nc4 Nf4 24. Rxf4 Qxf4 25. Rf1 Qg5 26. Nd6 Bd5 27. Bc4
Qxe5 0-1

[Event "RA Fall op"]
[Site "Ottawa CAN"]
[Date "2010.09.14"]
[Round "4"]
[White "Henry, Liam"]
[Black "Qin, Zi Yi (Joey)"]
[Result "0-1"]
[WhiteElo "2292"]
[BlackElo "2363"]
[PlyCount "132"]
[EventDate "2010.09.24"]
[EventType "swiss"]
[EventRounds "5"]
[EventCountry "CAN"]
[WhiteTeamCountry "NOR"]
[BlackTeamCountry "CAN"]

1. e4 c5 2. Nf3 d6 3. d4 cxd4 4. Nxd4 Nf6 5. Nc3 a6 6. Bc4 e6 7. Bb3 Nbd7 8.
O-O Nc5 9. Bg5 Be7 10. Qe1 O-O 11. Rd1 Nxb3 12. axb3 h6 13. Bh4 Nd7 14. Bxe7
Qxe7 15. f4 Nf6 16. e5 dxe5 17. fxe5 Nd7 18. Qe4 Rb8 19. Rf3 b5 20. Rg3 Bb7 21.
Qf4 Kh8 22. Rdd3 f6 23. exf6 Nxf6 24. Qe5 Rbe8 25. Rde3 Qf7 26. h3 b4 27. Na4
Nh5 28. Rg4 Bd5 29. Nc5 Nf6 30. Rgg3 Nh5 31. Rg4 Nf4 32. Reg3 Nh5 33. Re3 Nf6
34. Rf4 Qg6 35. Rf2 Nh5 36. Ree2 Ng3 37. Rd2 Kh7 38. Nd3 Ne4 39. Rxf8 Rxf8 40.
Re2 Ng3 41. Rf2 Rxf2 42. Kxf2 Nh1+ 43. Ke3 Qxg2 44. Nf4 Qg3+ 45. Kd2 Nf2 46.
Qe3 Ne4+ 47. Kd3 Qh2 48. Ndxe6 Bc6 49. Nf8+ Kg8 50. N8g6 Kh7 51. Ne7 Bb7 52.
Nf5 Nf6 53. Nxg7 Be4+ 54. Kd4 Kxg7 55. Nh5+ Nxh5 56. Qxe4 Qf4 57. c4 Kf6 58.
Qxf4+ Nxf4 59. Kc5 Nxh3 60. Kxb4 Nf4 61. Ka5 h5 62. b4 h4 63. Kxa6 h3 64. b5 h2
65. b6 Nd3 66. Ka7 Nb4 0-1

[Event "RA Fall op"]
[Site "Ottawa CAN"]
[Date "2010.09.26"]
[Round "4"]
[White "Mai, Lloyd"]
[Black "Pacey, Kevin"]
[Result "1-0"]
[WhiteElo "2271"]
[BlackElo "2383"]
[PlyCount "65"]
[EventDate "2010.09.24"]
[EventType "swiss"]
[EventRounds "5"]
[EventCountry "CAN"]
[WhiteTeamCountry "NOR"]
[BlackTeamCountry "CAN"]

1. e4 Nf6 2. e5 Nd5 3. d4 d6 4. c4 Nb6 5. exd6 cxd6 6. Nc3 g6 7. h3 Bg7 8. Nf3
O-O 9. Bd3 Bd7 10. O-O Nc6 11. Be3 Na5 12. b3 Bc6 13. Nd2 e5 14. d5 Bd7 15. b4
Naxc4 16. Bxc4 Nxc4 17. Nxc4 Qc7 18. Qb3 Rfc8 19. Nxd6 Qxd6 20. Ne4 Qe7 21. Bc5
Qd8 22. Nd6 Rcb8 23. f4 exf4 24. Rae1 Qf6 25. Ne4 Qb2 26. Qf3 Qxa2 27. Qxf4 f5
28. Qd6 Bb5 29. Qe6+ Kh8 30. Nd6 Re8 31. Nf7+ Kg8 32. Nh6+ Kh8 33. Qg8+ 1-0

[Event "RA Fall op"]
[Site "Ottawa CAN"]
[Date "2010.09.26"]
[Round "4"]
[White "Sambuev, Bator"]
[Black "Humphreys, Michael"]
[Result "1-0"]
[WhiteElo "2677"]
[BlackElo "2202"]
[PlyCount "67"]
[EventDate "2010.09.24"]
[EventType "swiss"]
[EventRounds "5"]
[EventCountry "CAN"]
[WhiteTeamCountry "NOR"]
[BlackTeamCountry "CAN"]

1. d4 Nf6 2. c4 e6 3. Nc3 Bb4 4. e3 b6 5. Nge2 c5 6. a3 Ba5 7. Rb1 Na6 8. Ng3
Bb7 9. Bd2 O-O 10. Bd3 cxd4 11. exd4 Bxc3 12. bxc3 h6 13. O-O d5 14. Qe2 dxc4
15. Bxc4 Nb8 16. a4 Nc6 17. f4 Na5 18. Bb5 Bc6 19. f5 Re8 20. Bxc6 Nxc6 21. Qf3
Rc8 22. fxe6 Rxe6 23. Rbe1 Rxe1 24. Rxe1 Qd5 25. Ne4 Nxe4 26. Rxe4 Kh7 27. c4
Qd7 28. d5 Nd8 29. Bc3 f6 30. Bxf6 gxf6 31. Qxf6 Rc7 32. d6 Qf7 33. Qxd8 Rd7
34. Qxd7 1-0

[Event "RA Fall op"]
[Site "Ottawa CAN"]
[Date "2010.09.26"]
[Round "4"]
[White "Upper, John"]
[Black "Forget, David"]
[Result "1-0"]
[WhiteElo "2197"]
[BlackElo "2017"]
[PlyCount "43"]
[EventDate "2010.09.24"]
[EventType "swiss"]
[EventRounds "5"]
[EventCountry "CAN"]
[WhiteTeamCountry "NOR"]
[BlackTeamCountry "CAN"]

1. d4 d5 2. Nf3 c6 3. c4 dxc4 4. e3 b5 5. a4 e6 6. axb5 Bb4+ 7. Bd2 Bxd2+ 8.
Nbxd2 cxb5 9. b3 a5 10. bxc4 b4 11. Ne5 Nf6 12. Be2 O-O 13. Bf3 Ra7 14. O-O Bb7
15. Bxb7 Rxb7 16. Qa4 Ra7 17. Rfb1 Ra6 18. Qb5 Re8 19. Ra4 Re7 20. Rba1 Rea7
21. R4a2 Nbd7 22. Nc6 1-0

[Event "RA Fall op"]
[Site "Ottawa CAN"]
[Date "2010.09.26"]
[Round "5"]
[White "Hartman, Brian"]
[Black "Sambuev, Bator"]
[Result "0-1"]
[WhiteElo "2450"]
[BlackElo "2677"]
[PlyCount "170"]
[EventDate "2010.09.24"]
[EventType "swiss"]
[EventRounds "5"]
[EventCountry "CAN"]
[WhiteTeam "Norwegen"]
[BlackTeam "Kanada"]
[WhiteTeamCountry "NOR"]
[BlackTeamCountry "CAN"]

1. d4 Nf6 2. c4 g6 3. Nc3 Bg7 4. Bg5 O-O 5. e3 c5 6. d5 b5 7. cxb5 a6 8. Nf3
Qa5 9. Qd2 d6 10. bxa6 Nbd7 11. Be2 Bxa6 12. O-O Rfb8 13. Bxa6 Qxa6 14. Rab1
Rb4 15. Qc2 Rab8 16. b3 Ne8 17. Nd2 h6 18. Bf4 Nc7 19. a3 R4b7 20. e4 Nb5 21.
Nxb5 Rxb5 22. a4 R5b7 23. Nc4 Nb6 24. Na3 c4 25. Nxc4 Nxc4 26. bxc4 Rb2 27.
Rxb2 Rxb2 28. Qd3 Qxa4 29. Rc1 Qa2 30. Be3 Rb3 31. Qd1 Qa3 32. Qe1 Bc3 33. Qd1
Bg7 34. c5 Rxe3 35. fxe3 Qxe3+ 36. Kh1 dxc5 37. Qg1 Qxe4 38. Qxc5 Be5 39. Qc4
Qe3 40. Rf1 Bd6 41. g3 Qe5 42. Kg2 h5 43. Rf3 Qg5 44. Qc8+ Kg7 45. Qc3+ f6 46.
Qd4 Qc1 47. Rf1 Qc2+ 48. Rf2 Qb1 49. Rf1 Qb5 50. Rc1 h4 51. Qc4 Qa5 52. Rc3
hxg3 53. hxg3 Be5 54. Re3 Qd2+ 55. Re2 Qd1 56. Qe4 Bd6 57. Qf3 Qd4 58. Re4 Qd2+
59. Re2 Qg5 60. Re1 Bb4 61. Re2 Qc1 62. Qe4 Bc5 63. Re1 Qc3 64. Re2 Qa1 65. Re1
Qa3 66. Re2 Qb3 67. Rd2 Bd6 68. Qd3 Qb6 69. Qd4 Qa5 70. Qd3 Qa1 71. Rd1 Qe5 72.
Rc1 Qb2+ 73. Rc2 Qa1 74. Qc3 Qd1 75. Rd2 Qe1 76. Qd3 Bc5 77. Rc2 Qg1+ 78. Kf3
g5 79. Qc4 Qe3+ 80. Kg2 Bd6 81. Rc3 Qd2+ 82. Kg1 Be5 83. Rf3 Bd4+ 84. Kf1 g4
85. Rf4 Qd1+ 0-1

[Event "RA Fall op"]
[Site "Ottawa CAN"]
[Date "2010.09.26"]
[Round "5"]
[White "Humphreys, Michael"]
[Black "Arsenault, Nicolas"]
[Result "1/2-1/2"]
[WhiteElo "2202"]
[BlackElo "2254"]
[PlyCount "46"]
[EventDate "2010.09.24"]
[EventType "swiss"]
[EventRounds "5"]
[EventCountry "CAN"]
[WhiteTeamCountry "NOR"]
[BlackTeamCountry "CAN"]

1. Nf3 Nf6 2. c4 e6 3. g3 a6 4. Bg2 b5 5. d3 Bb7 6. O-O bxc4 7. dxc4 Be7 8. Nc3
O-O 9. Qc2 c5 10. Rd1 Nc6 11. Bf4 d6 12. Rd2 Qc7 13. Bg5 h6 14. Bxf6 Bxf6 15.
Ne4 Be7 16. Rad1 Rad8 17. a3 f5 18. Nc3 Bf6 19. e3 Na5 20. Ne2 Be4 21. Qa4 Bc6
22. Qc2 Be4 23. Qa4 Bc6 1/2-1/2

[Event "RA Fall op"]
[Site "Ottawa CAN"]
[Date "2010.09.26"]
[Round "5"]
[White "Qin, Zi Yi (Joey)"]
[Black "Mai, Lloyd"]
[Result "0-1"]
[WhiteElo "2363"]
[BlackElo "2271"]
[PlyCount "72"]
[EventDate "2010.09.24"]
[EventType "swiss"]
[EventRounds "5"]
[EventCountry "CAN"]
[WhiteTeamCountry "NOR"]
[BlackTeamCountry "CAN"]

1. e4 c5 2. Nf3 d6 3. d4 cxd4 4. Nxd4 Nf6 5. Nc3 g6 6. Be3 Bg7 7. f3 O-O 8. Qd2
Nc6 9. Bc4 Bd7 10. h4 Rc8 11. Bb3 h5 12. O-O-O Ne5 13. Bg5 Rc5 14. Kb1 Re8 15.
g4 hxg4 16. h5 Nxh5 17. f4 Nc4 18. Qd3 b5 19. f5 Qc8 20. Nd5 Rxd5 21. exd5 Bxf5
22. Qe2 Bxd4 23. Rxd4 Ng3 24. Qh2 Nxh1 25. Qxh1 Ne5 26. Rd1 f6 27. Be3 Nf7 28.
Bxa7 Kg7 29. Qf1 Qb7 30. Bd4 Rh8 31. Re1 Ne5 32. Re3 Nf3 33. Bc3 b4 34. Be1 Rh2
35. Kc1 Qa7 36. Bf2 g3 0-1